000 01096nam a22002897i 4500
003 EG-ScBUE
005 20230109112019.0
008 100222s2007 sp a f 000 0 eeng d
020 _a8496263754
020 _a9788496263758
040 _aEG-ScBUE
_beng
_erda
_cEG-ScBUE
_dEG-ScBUE
082 0 4 _222
_a745.2
_bKRA
100 1 _911617
_aKrauel, Jacobo,
_eauthor.
245 1 0 _aNew urban elements /
_c[Jacobo Krauel ; text contributed by the companies, edited and translated by William George]
264 1 _aBarcelona, Spain :
_bLinks,
_c2007.
300 _a179 pages :
_billustrations (chiefly color) ;
_c25 cm
336 _2rdacontent
_atext
_btxt
337 _2rdamedia
_aunmediated
_bn
338 _2rdacarrier
_avolume
_bnc
505 _aSeats -- Fountains -- Planters -- Tree grids -- Limits -- Lights -- Wastebaskets -- Bicycle racks -- Bus shelters -- Kiosks -- Company index.
650 7 _911153
_aIndustrial design.
_2BUEsh
650 7 _911633
_aNew urban landscape.
_2BUEsh
653 _bART
655 _vReading book
700 1 _911618
_aGeorge, William,
_eeditor.
942 _2ddc
_cBB
999 _c13450
_d13450